Open Data Biblioteca Nacional de Portugal


República Portuguesa: Ministério da Cultura
Biblioteca Nacional de Portugal

Catálogo da BNP: acesso por Identificadores Unívocos
Registos Bibliográficos associados ao registo de autoridade

Etiqueta de registo: 00721cam 2200241 450
001 1082462
003 http://id.bnportugal.gov.pt/bib/catbnp/1082462
005 20020424160000.0
100 ## $a20020424d1749 k y0pory0103 ba
101 0# $alat
102 ## $aIT
105 ## $ay z 000yy
106 ## $ar
200 1# $aMissale pro defunctis sacri Ord. Praedicatorum$fAuct. Apost. approbatum Rev.mi P. F. Antonini Bremond... jussu editum
210 #9 $aRomae$capud Hieronymus Mainardi,$d1749
215 ## $a32 p.$cil.
500 00 $aLiturgia e ritual
620 ## $dRoma
702 #1 $aBrémond,$bAntonin,$f1692-1755$4340$31038686
702 #1 $aMainardi,$bGirolamo,$ffl. 1721-1763$4610$367245
710 02 $aIgreja Católica.$3920560
801 #0 $aPT$bBN$gRPC
966 ## $lBN$mFGMON$sR. 6708 A.$x0
966 ## $lBN$mFGMON$sR. 6715 A.$x0
997 ## $aBIBEOD

Etiqueta de registo: 00254nam 2200025 450
001 2284998
003 http://id.bnportugal.gov.pt/bib/catbnp/2284998
100 ## $a20260422d1753 m y0pory01030103ba
101 0# $alat
102 ## $aIT
105 ## $aa z 000yy
106 ## $ar
200 1# $aBreviarium juxta ritum sacri ordinis praedicatorum, auctoritate apostolica approbatum$fet reverendissimi patris fr. Antonini Bremond ejusdem ordinis magistri generalis jussu editum
210 #9 $aRomae$cex typographia Hieronymi Mainardi,$d1753
215 ## $a4 v.$d12º (18 cm)
303 ## $aDescrição segundo bibliogr.
307 ## $aF. de rosto impressas em preto e vermelho
321 ## $aICCU IT\ICCU\TA1E\000665
327 11 $a[V. 1]: Pars hyemalis. - [60], 747, [1], cclii, 34, [2] p., [1] grav. extratexto ; [V. 2]. - Pars Verna. - [60], 767, [1], ccxix, [3], 27, 28 p., [3] grav. extratexto ; [V. 3]. - Pars aestiva. - [60], 755, [1], ccxxxviii p. ; [V. 4]: Pars autumnalis. - [60], 699, [1], CCL, 3, [1], 4, 4, 3, [1], [1] grav. extratexto
620 ## $dRoma
702 #1 $aBrémond,$bAntonin,$f1692-1755$4340$31038686
702 #1 $aMainardi,$bGirolamo,$ffl. 1721-1763$4610$367245
801 #0 $aPT$bBN$gRPC
966 ## $dV. 4$lBN$mFGMON$sR. 1790 P.$x0
971 ## $cpmesqui$d20260422
997 ## $aBIBEOD

OpendataBNP@bnportugal.pt | Mais informação sobre acesso aos dados BNP